| 000 | 01061cam a22002291 4500 | ||
|---|---|---|---|
| 001 | e 33001131 | ||
| 003 | DLC | ||
| 005 | 20260227111223.0 | ||
| 008 | 860409s1933 dcua s f000 0 eng c | ||
| 010 | _ae 33001131 | ||
| 035 | _a(OCoLC)13409324 | ||
| 040 |
_aLibrary, U.S. Office of Education _cNhD _dDLC |
||
| 042 | _apremarc | ||
| 050 | 0 | 0 |
_aL111 _b.A75 no. 46 |
| 100 | 1 |
_aHerlihy, Lester Barry, _d1891- |
|
| 245 | 0 | 0 |
_aSmall city school systems 1930-1932, _bcomparative data ... _cBy Lester B. Herlihy, Assistant Statistician, Office of Education. United States Department of the Interior. Harold L. Ickes, Secretary. Office of Education. George F. Zook, Commissioner. |
| 260 |
_aWashington, _bU.S. Govt. Print. Off., _c1933. |
||
| 300 |
_a1 p. l., 14 p. _btables. _c23 cm. |
||
| 490 | 0 |
_aUnited States. Office of Education. Pamphlet _vno. 46 |
|
| 501 |
_aWith: Week-day religious instruction / Mary Dabney Davis. Washington : U.S. Govt. Print. Off.,1933. Bound together subsequent to publication. _5DLC |
||
| 650 | 0 |
_aEducation _zUnited States _vStatistics. |
|
| 999 |
_c21328 _d21328 |
||